000 00266nam a2200109Ia 4500
008 190216s9999||||xx |||||||||||||| ||und||
100 _aBhar B K
245 0 _aCost Accounting Methods And Problems
260 _bAcademic Publishers
_c1977
300 _a780p
942 _cBK
999 _c5247
_d5247